Teuerste Abgänge des 1. FC Köln - Statistiken

Allgemein
  • Dieses Quiz wurde 84 mal gespielt
  • Das Durchschnittsergebnis liegt bei 7 aus 15
Antwortstatistiken
Hint Antwort % Korrekt
29 Mio. € Anthony Modeste
95%
5,1 Mio € Anthony Modeste
95%
15 Mio. € Lukas Podolski
91%
10 Mio. € Lukas Podolski
91%
15 Mio. € John Cordoba
66%
13,5 Mio. € Sebastiaan Bornauw
50%
5 Mio. € Salih Özcan
39%
6,5 Mio. € Ismail Jakobs
32%
13 Mio. € Yannick Gerhardt
31%
4,5 Mio € Anthony Ujah
27%
6 Mio. € Leonardo Bittencourt
23%
6 Mio. € Serhou Guirassy
23%
6 Mio. € Kevin Wimmer
19%
4,5 Mio. € Yuya Osako
18%
7,8 Mio. € Thomas Häßler
16%
Keine übereinstimmenden Quizze gefunden
Verteilung der Resultate
Anzahl Personen mit jedem Resultat
Perzentil nach korrekt beantworteten Fragen
Ihre Resultats-Entwicklung
Sie haben dieses Quiz noch nicht gespielt